|
|
|
|
| LEADER |
00916nam a2200337 4500 |
| 001 |
DLU110128743 |
| 005 |
##20111202 |
| 040 |
# |
# |
|a DLU
|b vie
|
| 041 |
# |
# |
|a vie
|
| 044 |
# |
# |
|a vn
|
| 082 |
# |
# |
|a 911.597
|b LE-K
|
| 100 |
# |
# |
|a Lê Văn Kỳ.
|
| 245 |
# |
# |
|a Đất Bưởi ngàn xưa /
|c Lê Văn Kỳ, Vũ Văn Luân.
|
| 260 |
# |
# |
|a H. :
|b Văn hoá - Thông tin,
|c 2011.
|
| 300 |
# |
# |
|a 279 tr. ;
|c 21 cm.
|
| 504 |
# |
# |
|a Tài liệu tham khảo: tr.277.
|
| 650 |
# |
# |
|a Hà Nội (Việt Nam)
|x Mô tả và du lịch.
|
| 650 |
# |
# |
|a Nghề thủ công
|z Việt Nam
|z Hà Nội.
|
| 650 |
# |
# |
|a Văn học dân gian Việt Nam
|z Việt Nam
|z Hà Nội.
|
| 700 |
# |
# |
|a Vũ Văn Luân.
|
| 923 |
# |
# |
|a 22/2011
|
| 991 |
# |
# |
|a SH
|
| 992 |
# |
# |
|a 14000
|
| 994 |
# |
# |
|a DLU
|
| 900 |
# |
# |
|a True
|
| 911 |
# |
# |
|a Đào Thị Thu Huyền
|
| 925 |
# |
# |
|a G
|
| 926 |
# |
# |
|a A
|
| 927 |
# |
# |
|a SH
|
| 980 |
# |
# |
|a Thư viện Trường Đại học Đà Lạt
|